Most Patriotic Countries - Statistics

General Stats
  • This quiz has been taken 96 times
  • The average score is 5 of 10
Answer Stats
% Country % Correct
41 United States
98%
13 United Kingdom
87%
35 India
74%
34 Australia
65%
25 Saudi Arabia
50%
14 Indonesia
37%
27 United Arab Emirates
35%
25 Thailand
29%
13 Denmark
25%
15 Philippines
24%
No matching quizzes found
Score Distribution
Percent of People with Each Score
Percentile by Number Answered
Your Score History
You have not taken this quiz